وارث شاہ (Record no. 550225)

000 -LEADER
fixed length control field 00370nam a22001337a 4500
082 ## - DEWEY DECIMAL CLASSIFICATION NUMBER
Classification number 297.4092
Author Mark sha
-- N-01, P-50
100 ## - MAIN ENTRY--PERSONAL NAME
Personal name Sharif, Kunjahi
9 (RLIN) 46938
245 ## - TITLE STATEMENT
Title وارث شاہ
Statement of responsibility, etc. Sharif, Kunjahi
260 ## - PUBLICATION, DISTRIBUTION, ETC.
Place of publication, distribution, etc. pakistan
Name of publisher, distributor, etc. Al-ahmad publicaions
300 ## - PHYSICAL DESCRIPTION
Extent 184 p.
Other physical details ill.
Dimensions 23 cm
526 ## - STUDY PROGRAM INFORMATION NOTE
Program name 0
Interest level 0
Reading level 0
Title point value 297_409200000000000_SHA
650 ## - SUBJECT ADDED ENTRY--TOPICAL TERM
Topical term or geographic name entry element NUST
9 (RLIN) 6342
942 ## - ADDED ENTRY ELEMENTS (KOHA)
Source of classification or shelving scheme
Koha item type Book
Holdings
Withdrawn status Lost status Source of classification or shelving scheme Damaged status Not for loan Permanent Location Current Location Date acquired Total Checkouts Full call number Barcode Date last seen Price effective from Koha item type
          Military College of Engineering (MCE) Military College of Engineering (MCE) 10/28/2014   297.4092 sha MCE-44721 10/28/2014 10/28/2014 Book
© 2023 Central Library, National University of Sciences and Technology. All Rights Reserved.